000 00438nmm a2200145Ia 4500
008 251105s9999||||xx |||||||||||||||||und||
041 _aspa
100 _aSilveira, Miguel
245 0 _aEl arte de las relaciones personales
264 _a[Madrid, España] :
_bAlba Editorial,
_c2015
300 _a320 páginas
650 _aSelf-help and personal development
856 _uhttps://public.digitaliapublishing.com/a/48847
942 _cCF
999 _c105740
_d105740